Actrices nommées au César de la meilleure actrice - Statistiques

Statistiques générales
  • Ce quiz a été pris 429 fois
  • Le résultat moyen est 137 sur 254
Statistiques - réponses
Hint Réponse % Correct
1976 | 1981 | 1982 | +10 others Catherine Deneuve
95%
1978 | 1979 | 1981 | +11 others Isabelle Huppert
89%
1976 | 1977 | 1982 | +5 others Isabelle Adjani
85%
2008 | 2013 | 2015 | 2017 Marion Cotillard
73%
1981 | 1983 | 1984 | +4 others Nathalie Baye
71%
2017 | 2019 | 2021 | +2 others Virginie Efira
70%
1982 | 1984 | 1997 | +3 others Fanny Ardant
69%
1990 | 1992 | 1993 | +2 others Emmanuelle Béart
68%
1990 | 1994 | 2004 Josiane Balasko
66%
2013 | 2014 | 2022 Léa Seydoux
66%
1986 | 1987 | 1992 | +8 others Juliette Binoche
65%
1976 | 1977 | 1979 | +2 others Romy Schneider
65%
1978 | 1983 Simone Signoret
65%
1977 | 1979 Annie Girardot
64%
2002 | 2005 | 2010 Audrey Tautou
62%
1988 | 1992 Jeanne Moreau
62%
2023 Adèle Exarchopoulos
61%
2012 | 2022 Leïla Bekhti
61%
1977 | 1978 | 1980 | +7 others Miou-Miou
60%
1998 | 1999 | 2010 | +3 others Sandrine Kiberlain
60%
2006 | 2022 Valérie Lemercier
60%
2000 | 2002 | 2007 | +4 others Catherine Frot
59%
1989 | 1997 | 2007 | +2 others Charlotte Gainsbourg
57%
2005 | 2009 Yolande Moreau
57%
2000 | 2005 | 2012 | +3 others Karin Viard
56%
2008 | 2012 | 2017 | 2018 Marina Foïs
54%
2014 Emmanuelle Seigner
53%
1988 | 1993 | 1995 Anémone
52%
2007 | 2008 | 2016 | 2019 Cécile de France
50%
1985 | 1987 | 1990 | +3 others Sabine Azéma
50%
2012 | 2014 Bérénice Bejo
49%
2015 | 2019 | 2020 Adèle Haenel
48%
1986 | 1988 | 1990 | +3 others Sandrine Bonnaire
48%
1985 | 1987 Jane Birkin
45%
2021 | 2022 | 2023 Laure Calamy
45%
2000 Vanessa Paradis
45%
1990 Carole Bouquet
44%
1999 | 2019 Elodie Bouchez
44%
2002 | 2005 | 2018 Emmanuelle Devos
43%
2003 | 2004 | 2006 | +2 others Isabelle Carré
42%
2019 Léa Drucker
42%
1987 Béatrice Dalle
40%
2011 | 2014 Sara Forestier
40%
2020 Anaïs Demoustier
38%
2001 | 2010 Dominique Blanc
38%
2013 Emmanuelle Riva
35%
1991 Anne Parillaud
34%
1986 | 2002 | 2004 Charlotte Rampling
34%
1981 | 1984 | 1986 Nicole Garcia
34%
2018 Jeanne Balibar
33%
1979 Anouk Aimée
32%
1998 | 2003 | 2012 Ariane Ascaride
32%
2004 | 2009 Sylvie Testud
32%
1985 Valérie Kaprisky
32%
1978 Brigitte Fossey
31%
2009 | 2010 | 2011 Kristin Scott Thomas
31%
1997 | 1999 Marie Trintignant
30%
1998 | 2012 Marie Gillain
29%
2019 Mélanie Thierry
29%
2013 Hélène Vincent
28%
1992 | 1995 Irène Jacob
28%
2020 Noémie Merlant
28%
1993 Caroline Cellier
27%
1976 | 1978 Delphine Seyrig
27%
2007 Marina Hands
27%
2015 Emilie Dequenne
26%
2016 Emmanuelle Bercot
26%
2001 Muriel Robin
26%
2013 Noémie Lvovsky
26%
1992 | 1994 | 1997 Anouk Grinberg
25%
2021 Camélia Jordana
25%
2020 Chiara Mastroianni
25%
1980 Dominique Laffin
25%
2020 Eva Green
25%
1980 | 1988 Nastassja Kinski
25%
1991 Tsilla Chelton
25%
2022 Valéria Bruni Tedeschi
25%
1991 Anne Brochet
24%
1985 Pascale Ogier
23%
2009 Tilda Swinton
23%
2013 Corinne Masiero
22%
2012 Valérie Donzelli
21%
2006 Anne Consigny
19%
1985 Julia Migenes
19%
2018 | 2020 Doria Tillier
18%
2016 Loubna Abidar
18%
2016 Soria Zeroual
17%
2022 Vicky Krieps
15%
2021 Barbara Sukowa
14%
2005 Maggie Cheung
14%
2021 Martine Chevallier
13%
2017 Sidse Babett Knudsen
13%
2017 Soko
13%
2017 Judith Chemla
12%
Aucun quiz correspondant
Distribution des résultats
% des personnes avec chaque résultat
Percentile par nombre de réponses
Votre historique - résultats
Vous n’avez pas pris ce quiz